Komparácia kvality podnikateľského prostredia v krajinách Vyšehradskej štvorky s osobitným akcentom na dostupnosť finančných zdrojov
Kvalitné podnikateľské prostredie je základným predpokladom dlhodobej konkurencieschopnosti a rastu každej trhovej ekonomiky. V posledných rokoch vzniklo v rozličných krajinách množstvo organizácií, ktoré kvalitu podnikateľského prostredia merajú. Okrem toho zostavujú rebríčky ekonomík a porovnávajú...
Salvato in:
| Autore principale: | |
|---|---|
| Natura: | Capitolo di libro |
| Lingua: | slovacco |
| Soggetti: | |
| Tags: |
Nessun Tag, puoi essere il primo ad aggiungerne!!
|
MARC
| LEADER | 00000naa a2200000 4500 | ||
|---|---|---|---|
| 001 | 0181898 | ||
| 005 | 20250604090428.6 | ||
| 041 | 0 | |a slo | |
| 044 | |a SK | ||
| 245 | 1 | 0 | |a Komparácia kvality podnikateľského prostredia v krajinách Vyšehradskej štvorky s osobitným akcentom na dostupnosť finančných zdrojov |c Katarína Belanová |
| 520 | |a Kvalitné podnikateľské prostredie je základným predpokladom dlhodobej konkurencieschopnosti a rastu každej trhovej ekonomiky. V posledných rokoch vzniklo v rozličných krajinách množstvo organizácií, ktoré kvalitu podnikateľského prostredia merajú. Okrem toho zostavujú rebríčky ekonomík a porovnávajú postavenie príslušnej krajiny v danom časovom úseku. Komparácia kvality podnikateľského prostredia krajín Vyšehradskej štvorky prostredníctvom jedného globálneho indexu konkurencieschopnosti a troch indexov bližšie zameraných na hodnotenie podmienok priaznivých pre výkon podnikateľských aktivít. Ukazovateľ dostupnosti úverových zdrojov. | ||
| 610 | 2 | 0 | |a kvalita |
| 610 | 2 | 0 | |a Vyšehradská štvorka |
| 610 | 2 | 0 | |a konkurencieschopnosť |
| 610 | 2 | 0 | |a prostredie podnikateľské |
| 610 | 2 | 0 | |a analýza komparatívna |
| 100 | 1 | |a Belanová, Katarína, 1978- | |